000 00711nas a2200229 4500
001 BR2015005428
003 BR-BrBNA
005 20231205125732.0
007 ta
008 230509b bl.|||p| |||| 00| 00por d
040 _aBR-BrBNA
_bpor
_cBiblioteca Nacional de Agricultura
041 _a(Pt)
072 _aF01
100 1 _aSilva, L.R. da
245 1 _aCaracterização física de frutos de genótipos de umbu-cajazeiras (Spondias sp.)
650 _aUMBU
650 _aMEDIÇÃO
650 _aCEARÁ
773 0 _tRevista de Ciências Agroveterinárias (Brazil)
_xISSN 1676-9732
_g(May-Aug 2014), v. 13(2) p. 151-157
_wBR2015005428
909 _a202311
_bLúcia
_c55
_dLúcia Elande
942 _2AGRIS
_n0
_cANA
999 _c245840
_d245840